Business Statistics: communicating with numbers (Record no. 36529)

MARC details
000 -LEADER
fixed length control field 00603nam a2200157 a 4500
008 - FIXED-LENGTH DATA ELEMENTS--GENERAL INFORMATION
fixed length control field 130424s2013 ||||||||||||||||| || u
020 ## - INTERNATIONAL STANDARD BOOK NUMBER
International Standard Book Number 9780071317610
050 ## - LIBRARY OF CONGRESS CALL NUMBER
Classification number HA 29 Jag
100 ## - MAIN ENTRY--PERSONAL NAME
Personal name Jaggia, Sanjiv
245 10 - TITLE STATEMENT
Title Business Statistics: communicating with numbers
Statement of responsibility, etc. by Sanjiv Jaggia and Alison Kelly
260 ## - PUBLICATION, DISTRIBUTION, ETC.
Place of publication, distribution, etc. New York:
Name of publisher, distributor, etc. McGraw-Hill Irwin
Date of publication, distribution, etc. 2013
300 ## - PHYSICAL DESCRIPTION
Extent xxxi,714p.: ill.
650 ## - SUBJECT ADDED ENTRY--TOPICAL TERM
Topical term or geographic name entry element BUSINESS STATISTICS
700 ## - ADDED ENTRY--PERSONAL NAME
Personal name Kelly, Alison
995 ## - RECOMMENDATION 995 [LOCAL, UNIMARC FRANCE]
-- CBU-MAIN LIBRARY (Kitwe)
-- 1
-- AVAILABLE
-- May 31, 2013
-- Main Library Open Access Collection
Holdings
Withdrawn status Lost status Source of classification or shelving scheme Damaged status Not for loan Home library Current library Shelving location Date acquired Total Checkouts Full call number Barcode Date last seen Price effective from Koha item type
          CBU-MAIN LIBRARY, KITWE. CBU-MAIN LIBRARY, KITWE.   11/30/2022   HA 29 Jag 743814 11/30/2022 11/30/2022 MONOGRAPH